Strašák Plašák a sluníčko : čtyři roční doby očima předškoláka / Šárka Henrieta Makovičková
Record details
- Physical Description: 24 stran : ilustrace ; 28 cm
- Publisher: Praha : Portál, 2020
Content descriptions
| General Note: | Informatorium 3-8 Speciál, 2/2020 |
Search for related items by subject
| Genre: | učebnice |
Available copies
- 1 of 1 copy available at Common Catalog SPOK.
Holds
- 0 current holds with 1 total copy.
Show Only Available Copies
| Location | Call Number / Copy Notes | Barcode | Shelving Location | Status | Due Date |
|---|---|---|---|---|---|
| Jabok Library | Ped-3.5.1.2/M | 424480043500 | Odborná literatura | Available | - |
| LDR | nam a22 i 4500 | ||
|---|---|---|---|
| 001 | 47943 | ||
| 003 | CZ-PrJAB | ||
| 005 | 20210114144237.0 | ||
| 007 | ta | ||
| 008 | s2020 xr e 000 0 cze | ||
| 040 | . | ‡aABG312 ‡bcze ‡erda | |
| 072 | 7. | ‡a373.2/.3 ‡xPředškolní a primární výchova a vzdělávání ‡2Konspekt ‡922 | |
| 100 | 1 | . | ‡aMakovičková, Šárka Henrieta ‡4aut |
| 245 | 1 | 0. | ‡aStrašák Plašák a sluníčko : ‡bčtyři roční doby očima předškoláka / ‡cŠárka Henrieta Makovičková |
| 264 | 1. | ‡a Praha : ‡bPortál, ‡c2020 | |
| 300 | . | ‡a24 stran : ‡bilustrace ; ‡c28 cm | |
| 336 | . | ‡atext ‡btxt ‡2rdacontent | |
| 338 | . | ‡asvazek ‡bnc ‡2rdacarrier | |
| 500 | . | ‡aInformatorium 3-8 Speciál, 2/2020 | |
| 653 | 0 | . | ‡apředškolní výchova ‡apracovní sešity |
| 655 | 7. | ‡aučebnice ‡7fd133770 ‡2czenas | |
| 910 | . | ‡aABG312 | |
| 901 | . | ‡a47943 ‡b ‡c47943 ‡tbiblio | |